000 00858nam a2200241 a 4500
005 2009091201231.0
008 080424s2008 nyua j 000 1 eng
010 _aB-358083
020 _a9788126418428
_c60.00
035 _aB-358083
037 _bDBAD / PUB
040 _adpl
_bEnglish
082 _aS
100 _aNambiar, Aparna
245 _aLittle lessons Diya gets angry & the race /
_cby Aparna Nambiar; illustrated by K.G. Manoj
260 _aKerala
_bDC Books
_c2008
270 _aDC Kizhakemuri Edam, Good Shepherd Street, Kottayam
_b686001
300 _a29p.:
_bcol. ill. ;
_c22cm(pbk)
650 _aChildren's stories, English
700 _aManoj, K.G.
942 _2ddc
_cCH
_hS
_mNAM
999 _c30333
_d30333